Łopienka to nie tylko cerkiew
| Titel: | Łopienka to nie tylko cerkiew |
|---|---|
| Verfasser: | |
| In: |
Płaj, Heft 22 (2001), Seite 161-172 alle Artikel anzeigen |
| Veröffentlicht: | 2001 |
| Format: | Aufsatz |
| Sprache: | Polnisch |
X
alg: 39371956 001A $01999:12-11-16 001B $01999:28-05-21 $t19:18:14.000 001D $01999:12-11-16 001U $0utf8 001X $00 002@ $0Aox 003@ $0393719561 007A $0393719561 $aHEB 007T $0Herdk14222 010@ $apol 011@ $a2001 021A $aŁopienka to nie tylko cerkiew 028A $aZ. $dK. 031A $e22 $h161-172 $j2001 037A $aCerkwie i kapliczki byłej wsi bieszczadzkiej 037A $aangl. res. 216 039B $aIn $8--Abvc--. Płaj. - Warszawa : Towarzystwo Karpackie, [1986]-2020. - ISSN 1230-5898 $x200100000000022839 $9055208940 045F $a709.438 $eDDC23BSB 045F/01 $a709 045F/03 $g438 lok: 39371956 78 exp: 39371956 78 1 #EPN 201B/01 $018-11-16 $t09:35:42.000 201U/01 $0utf8 203@/01 $0789830051 208@/01 $a12-11-16 $be 209A/01 $a/ $f000 $x00 220C/01 $aTitelaufnehmer: pbb 220C/01 $aHerkunft: IH PAN/PBB Kraków 244Z/01 $2Trx $#Poola $#Lenkija $#Polija $#Polen Land $#Poland $#Lengyelország $#Poľsko $#Polsko $8--Trx--Polska$gkraj $x01 $9391345966 244Z/01 $aGeschichte 1500-2001 $x02 244Z/01 $2Trx $#kirikud hooned $#bažnyčių pastatai $#churches buildings $#templomok épületek $#kościoły budynki $#kostoly budovy $#kostely budovy $8--Trx--Kirchen$gGebäude $x03 $9391363778 244Z/01 $2Trx $#kabelid $#koplyčios $#Chapels $#kápolnák $#kaplice i kapliczki $#kaplnky $#kaple $#kapliczki $8--Trx--Kapellen $x04 $9391358731 244Z/01 $2Trx $8--Trx--Zeitschriftenaufsatz $x05 $9391384341 245Z/01 $a11.11 $x01 247C/01 $82080>Marburg/Lahn, Herder-Institut, Forschungsbibliothek, Bibliographieportal $9336309341
| LEADER | 00000caa a22000002c 4500 | ||
|---|---|---|---|
| 001 | 393719561 | ||
| 003 | DE-603 | ||
| 005 | 20210528191814.0 | ||
| 007 | tu | ||
| 008 | 161112s2001 xx |||| | u00||u|pol c | ||
| 035 | |a (DE-599)HEB393719561 | ||
| 040 | |a DE-603 |b ger |c DE-603 |d DE-603 | ||
| 041 | |a pol | ||
| 082 | 0 | 4 | |8 1\u |a 709.438 |q DE-101 |2 23/BSB |
| 085 | |8 1\u |b 709 | ||
| 085 | |8 1\u |z 2 |s 438 | ||
| 100 | 1 | |a Z., K. | |
| 245 | 0 | 0 | |a Łopienka to nie tylko cerkiew |
| 264 | 0 | |c 2001 | |
| 500 | |a Cerkwie i kapliczki byłej wsi bieszczadzkiej | ||
| 500 | |a angl. res. 216 | ||
| 773 | 0 | 8 | |i In |t Płaj |d Warszawa : Towarzystwo Karpackie, [1986]-2020 |x 1230-5898 |g Heft 22 (2001), Seite 161-172 |w (DE-603)055208940 |w (DE-600)1384941-4 |
| 924 | 0 | |9 2080 |a (DE-603)789830051 |b DE-2080 |c HES |d d |g / | |


